| 000 | 00571nam a2200169Ia 4500 | ||
|---|---|---|---|
| 003 | GCL | ||
| 008 | 140319s9999 xx 000 0 eng d | ||
| 040 |
_aGCL / _cGCL |
||
| 082 | 0 | 4 |
_a005.713 _bE C |
| 100 | 1 | _aERICKSON, FRITZ D. | |
| 245 | 1 | 0 |
_aCOMPUTERS: CONCEPTS, IMPLICATIONS AND APPLICATION WITH DOS 5.0, WORDPERFECT 5.1 LOTUS 1-2-3 RELESSE 2.4, AND DBAS IV 1.5 / _cERICKSON, FRITZ D. |
| 700 | 1 | _aVONK, JOHN A. | |
| 260 |
_a[S.N] : _bBUSINESS AND EDUCATIONAL TECHNOLOGY ، _c1994 |
||
| 650 | 0 | 4 | _aAPPLICATION SOFTWARE |
| 650 | 0 | 4 | _aCOMPUTER PROGRM |
| 942 |
_2ddc _cBK |
||
| 999 |
_c16092 _d16092 |
||